| 000 | 04217cgm a2200793Ia 4500 | ||
|---|---|---|---|
| 003 | data | ||
| 005 | 20260322212035.0 | ||
| 007 | data | ||
| 008 | data | ||
| 020 | _a0783219695 | ||
| 020 | _a9780783219691 | ||
| 024 | 1 | _a025192002328 | |
| 028 | 4 | 2 |
_a20023 _bUniversal |
| 040 |
_aTEFMT _cTEFMT _dCWR _dOCLCQ _dFSP _dOCL _dGK8 _dMR0 _dOCLCQ _dGK8 _dBTCTA _dYDXCP _dTEU _dWCM _dXL4 _dOCLCQ _dMNJ _dOCLCA _dMOF _dCWR |
||
| 041 | 1 |
_aspa _afre _aspa _jspa _jfre _jspa _heng |
|
| 050 | 1 | 4 |
_aPN1997 _b.A6623 2005 |
| 099 | _aDVD 974 | ||
| 130 | 0 | _aApollo 13 (Motion picture) | |
| 245 | 1 | 0 |
_aApollo 13 _h[videorecording] / _cRon Howard ... [et al.]. |
| 246 | 3 | _aApollo thirteen. | |
| 250 | _a2-disc anniversary ed. | ||
| 260 |
_aUniversal City, CA : _bUniversal, _cc2005. |
||
| 300 |
_a2 videodiscs (ca. 140 min.) : _bsd., col. ; _c4 3/4 in. |
||
| 500 | _aOriginally released in 1995 as a motion picture. | ||
| 500 | _aBased on the book Lost moon by Jim Lovell & Jeffrey Kluger. | ||
| 505 | 0 | _aDisc 1. Anniversary edition; (anamorphic widescreen 2.35:1) ; Lost moon: the triumph of Apollo 13, the making of Apollo 13 ; feature commentary with director Ron Howard ; feature commentary with Jim & Marilyn Lovell ; production notes ; theatrical trailer -- Disc 2. The IMAX experience version; (anamorphic widescreen 1.66:1) ; Conquering space: the moon and beyond ; Luck 13: the astronauts' story. | |
| 508 | _aDirector of photography, Dean Cundey ; art directors, David J. Bomba, Bruce Alan Miller ; editors, Dan Hanley, Mike Hill ; music, James Horner ; costume designer, Rita Ryack ; production designer, Michael Corenblith ; visual effects supervisor, Robert Legato. | ||
| 511 | 1 | _aTom Hanks, Bill Paxton, Kevin Bacon, Gary Sinise, Ed Harris, Kathleen Quinlan, Mary Kate Schellhardt, Emily Ann Lloyd, Miko Hughes. | |
| 520 | _aIt had been less than a year since the first man walked on the Moon, but to the American public, Apollo 13 was just another "routine" space flight. That is until the words pierced the immense void of space: "Houston, we have a problem." Stranded in a crippled spacecraft 205,000 miles from Earth, astronauts Jim Lovell, Fred Haise, and Jack Swigert fight a desperate battle to survive. Meanwhile, at Mission Control, astronaut Ken Mattingly, flight director Gene Kranz, and the efforts of a heroic ground crew race against time -- and the odds -- to bring the men home. | ||
| 521 | 8 | _aMPAA rating: PG; for language, peril, and emotional intensity. | |
| 538 | _aDVD ; region 1 ; widescreen (2.35:1) presentation (disc one) ; IMAX presentation (disc two) ; Dolby Digital 5.1 surround, DTS 5.1 surround, dual-layer, single-sided. | ||
| 546 | _aIn English, dubbed French, or dubbed Spanish, with optional French or Spanish subtitles ; closed-captioned. | ||
| 600 | 1 | 0 |
_aLovell, Jim _vDrama. |
| 600 | 1 | 0 |
_aHaise, Fred, _d1933- _vDrama. |
| 600 | 1 | 0 |
_aSwigert, John L. _q(John Leonard), _d1931-1982 _vDrama. |
| 610 | 2 | 0 |
_aApollo 13 (Spacecraft) _vDrama. |
| 650 | 0 |
_aSpace vehicle accidents _vDrama. |
|
| 650 | 0 | _aAction and adventure films. | |
| 650 | 0 | _aFeature films. | |
| 650 | 0 | _aFilm adaptations. | |
| 655 | 0 | _aFeature films. | |
| 655 | 0 | _aAction and adventure films. | |
| 655 | 0 | _aVideo recordings for the hearing impaired. | |
| 655 | 0 | _aFilm adaptations. | |
| 700 | 1 |
_aHoward, Ron, _d1954- |
|
| 700 | 1 | _aBroyles, William. | |
| 700 | 1 | _aReinert, Al. | |
| 700 | 1 |
_aGrazer, Brian, _d1953- |
|
| 700 | 1 | _aHanks, Tom. | |
| 700 | 1 | _aPaxton, Bill. | |
| 700 | 1 |
_aBacon, Kevin, _d1958- |
|
| 700 | 1 | _aSinise, Gary. | |
| 700 | 1 |
_aHarris, Ed, _d1950- |
|
| 700 | 1 |
_aQuinlan, Kathleen, _d1954- |
|
| 700 | 1 |
_aSchellhardt, Mary Kate, _d1978- |
|
| 700 | 1 |
_aLloyd, Emily Ann, _d1983- |
|
| 700 | 1 |
_aHughes, Miko, _d1986- |
|
| 700 | 1 |
_aHorner, James. _4cmp. |
|
| 700 | 1 |
_aCundey, Dean, _d1945- |
|
| 700 | 1 |
_aHanley, Daniel P., _d1955- |
|
| 700 | 1 |
_aHill, Mike, _d1952- |
|
| 700 | 1 | _aRyack, Rita. | |
| 700 | 1 |
_aLovell, Jim. _tLost moon. |
|
| 710 | 2 | _aImagine Entertainment (Firm) | |
| 710 | 2 | _aUniversal Pictures (Firm) | |
| 710 | 2 | _aUniversal Studios Home Entertainment (Firm) | |
| 856 | 4 | 1 | _uhttps://images-na.ssl-images-amazon.com/images/I/510UItLNLbL._SY445_.jpg |
| 001 | data | ||
| 999 |
_c818 _d818 |
||